Szczegóły MARC21

Ethische Grundlagen und Qualifikationen beruflichen Handelns von Heilpädagogen in Europa : Glossar = Etické základy a kvalifikace odborné činnosti léčebných pedagogů v Evropě : terminologický slovniček = Podstawy etyczne i wyznaczniki profesjonalnego działania ortopedagogów w Europie : glosariusz = Etické základy a kvalifikiácie profesijného konania liečebných pedagógov v Európe : slovnik

005 -DATA I CZAS OSTATNIEJ MODYFIKACJI [,]
    • @
    • pole kontrolne
    • 20070914110925.0
020 -Międzynarod. znormalizowany nr książki - ISBN [ , ]
    • a
    • Numer ISBN
    • 393664912X Find
040 -Instytucja sporządzająca opis [ , ]
    • a
    • Instytucja, która sporządziła opis (NP)
    • SZCZ U/JŚ
041 -Język dokumentu [ , ]
    • a
    • Język tekstu (P)
    • polski
    • a
    • Język tekstu (P)
    • czeski
    • a
    • Język tekstu (P)
    • niemiecki
    • a
    • Język tekstu (P)
    • słoweński
044 -Kraj miejsca wydania [ , ]
    • a
    • Kraj miejsca wydania
    • Niemcy
942 -Rodzaj dokumentu [ , ]
    • c
    • Rodzaj dokumentu
    • Książka
245 -Strefa tytułu i oznaczenia odpowiedzialności [0,0]
    • a
    • Tytuł
    • Ethische Grundlagen und Qualifikationen beruflichen Handelns von Heilpädagogen in Europa : Glossar = Etické základy a kvalifikace odborné činnosti léčebných pedagogů v Evropě : terminologický slovniček = Podstawy etyczne i wyznaczniki profesjonalnego działania ortopedagogów w Europie : glosariusz = Etické základy a kvalifikiácie profesijného konania liečebných pedagógov v Európe : Find
    • b
    • Ciąg dalszy tytułu (NP)
    • slovnik Find
    • c
    • Pozostałe elementy strefy tytułu i oznaczenia odpowiedzialności (NP)
    • [red. i tł. Doris Albert i in.].
260 -Strefa adresu wydawniczego [ , ]
    • a
    • Miejsce wydania (P)
    • Berlin :
    • b
    • Nazwa wydawcy (P)
    • BHP-Verlag,
    • c
    • Data wydania (P)
    • 2005.
300 -Strefa opisu fizycznego [ , ]
    • a
    • Określenie formy książki i/lub objętość (NP)
    • 184 s. :
    • b
    • Oznaczenie ilustracji (NP)
    • il. ;
    • c
    • Format (NP)
    • 21 cm.
080 -Uniwersalna Klasyfikacja Dziesiętna [ , ]
    • 2
    • Identyfikator wydania tablic
    • UDC-P022
    • a
    • Symbol klasyfikacji
    • 37.013.82
    • b
    • Dopowiedzenie
    • Pedagogika specjalna. Pedagogika lecznicza (terapeutyczna). Pedagogika rewalidacyjna. Ortopedagogika.
    • x
    • Poddział wspólny
    • (03)
    • b
    • Dopowiedzenie
    • (Encyklopedie. Słowniki encyklopedyczne. Wydawnictwa informacyjne).
    • x
    • Poddział wspólny
    • =00
    • b
    • Dopowiedzenie
    • =dokumenty wielojęzyczne
980 -Symbol UKD [ , ]
    • a
    • UKD
    • 37.013.82(03)=00
700 -Hasło dodatkowe - nazwa osobowa [1, ]
    • a
    • Nazwa osobowa (NP)
    • Albert, Doris. Find
    • e
    • Określenie rodzaju współpracy
    • Red.
920 -ISBN [ , ]
    • a
    • ISBN
    • 3-936649-12-X Find
Sygnatura Numer inwentarzowy Status udost. Data inwentaryzacji Lokalizacja
 Pd.1776522006-06-02BNS